| 000 | 00355nam a22001577a 4500 | ||
|---|---|---|---|
| 003 | CEME | ||
| 005 | 20210628203915.0 | ||
| 008 | 210305b xxu||||| |||| 00| 0 eng d | ||
| 040 | _c. | ||
| 082 | _a0333 WAS | ||
| 100 |
_aArnett Flint Matthew _967800 |
||
| 245 | _aInside tcp/ip | ||
| 260 |
_aRAWALPINDI _bPDF _c1994 |
||
| 300 | _aPDF | ||
| 942 |
_cBK _2ddc |
||
| 999 |
_c575506 _d575506 |
||